Acronymes en français # 1 - Statistiques

Statistiques générales
  • Ce quiz a été pris 343 fois
  • Le résultat moyen est 5 sur 10
Statistiques - réponses
Acronyme Réponse % Correct
VTT Vélo tout terrain
97%
OVNI Objet Volant Non identifié
92%
CP (adresse) Code postal
81%
RIB Relevé d'identité bancaire
59%
SNCF Société Nationale des Chemins de Fer français
39%
TIG (singulier) Travail d'intérêt general
38%
DAB Distributeur automatique de billets
36%
FDP (commerce) Frais de Port
31%
NAC (singulier) Nouvel Animal de Compagnie
24%
PAF (tv) Paysage Audiovisuel français
17%
Aucun quiz correspondant
Distribution des résultats
% des personnes avec chaque résultat
Percentile par nombre de réponses
Votre historique - résultats
Vous n’avez pas pris ce quiz